| 000 | 03804nam a22003137a 4500 | ||
|---|---|---|---|
| 005 | 20250513085503.0 | ||
| 008 | 250513b ||||| |||| 00| 0 eng d | ||
| 020 | _a9783031571312 | ||
| 020 | _a9783031571329 | ||
| 040 |
_aCO-BoUCM _cDavid Moreno _dDavid Moreno |
||
| 041 | _aeng | ||
| 060 | _aWO 600 | ||
| 100 |
_aKhajuria, Ankur _9185780 |
||
| 245 | 1 | 0 |
_aLandmark papers in plastic surgery _bcommented guide by authors and experts _cAnkur Khajuria, Joon Pio Hong, Peter Neligan |
| 250 | _a1a.Ed | ||
| 260 |
_aSwizerland _bSpringer, Cham _c2024 |
||
| 300 |
_axx, 417 Paginas _bilustraciones |
||
| 504 | _aIncluye referencias bibliográficas e índices | ||
| 505 | _rIntro Foreword Defining Landmark Papers The Journey Through Landmark Papers Expert Commentary: Navigating the Future Expert Concluding Commentary Preface Contents Contributors Part I: Basic Science 1: The Evolution of Microsurgery 1.1 Expert Concluding Commentary References 2: Emerging Flaps 2.1 Introduction 2.2 Perforator Flaps 2.3 Propeller Flap 2.4 Keystone Flaps 2.5 ALT (Anterolateral Thigh) Flap 2.6 DIEP (Deep Inferior Epigastric Perforator) Flap 2.7 Expert Concluding Commentary References 3: Evolution of Vascularized Composite Allotransplantation 3.1 Introduction 3.2 Milestones in VCA Through Face and Hand Transplantation 3.3 Evolution of Indication, Acute and Chronic Rejection, Monitoring (Banff Classification), and Immunosuppressive Therapy Regimen 3.4 Expert Concluding Commentary References 4: Evolution of Wound Healing 4.1 Introduction 4.1.1 Moist Wound Healing 4.1.2 Negative Pressure Wound Therapy (Vacuum-Assisted Closure) 4.1.3 Acellular Dermal Matrices (Skin Replacement Therapies) 4.1.4 Cell-Based Therapies: Autologous Cultured Human Epithelium (Skin Replacement Therapies) 4.1.5 Growth Factors: Platelet-Derived Growth Factor (PDGF) 4.1.6 Barriers and Hurdles in Wound Care 4.2 Expert Concluding Commentary References 5: Evolution of Lymphedema Management 5.1 Introduction 5.2 Liposuction and Lymphedema 5.3 Physiologic Procedures 5.4 Expert Concluding Commentary References 6: Emergence of Nerve Interfaces with Robotic Applications 6.1 Introduction 6.2 Nerve Interfaces for Postamputation Pain 6.3 Neural Interfaces for Prosthetic Control 6.4 Neural Interfaces for Sensory Feedback 6.5 Expert Concluding Commentary References 7: Evolution of Breast Imaging in Plastic Surgery 7.1 Introduction 7.2 Diagnosis of Breast Implant Rupture with MRI 7.3 Assessing Fat-Grafting and Complications with MRI 7.4 Volumetric Assessment of the Breast Using MRI 7.5 Three-Dimensional Breast Imaging 7.6 Evaluating Skin-Flap Perfusion with Indocyanine Green Videoangiography 7.7 Expert Concluding Commentary References 8: Evolution of Imaging in Flap Reconstruction 8.1 Introduction 8.2 Duplex Ultrasound 8.3 The Present State of DUS in Flap Reconstruction 8.4 Computed Tomography Angiography 8.5 The Present State of CTA in Flap Reconstruction 8.6 Indocyanine Green Angiography 8.7 The Present State of Indocyanine Green Angiography 8.8 Expert Concluding Commentary References 9: Evolution of Imaging in Cranio-Maxillo-Facial Surgery 9.1 Introduction 9.2 Discovery of the X-rays 9.3 Development of Cephalometry Radiographs 9.4 Invention of Computed Tomography Scan | ||
| 650 | 1 | 4 |
_aCirugía plástica _xArtículos fundamentales _9185781 |
| 650 | 1 | 4 |
_aCirugía reconstructiva _xEstudios clásicos _9185782 |
| 650 | 1 | 4 |
_aCirugía estética _xAvances históricos _9185783 |
| 650 | 1 | 4 |
_aPublicaciones científicas _xCirugía plástica _9185784 |
| 650 | 1 | 4 |
_aCirugía plástica _xLiteratura médica _9185785 |
| 650 | 1 | 4 |
_aAnálisis de artículos científicos _xCirugía _9185786 |
| 700 | 1 |
_aHong, Joon Pio _9185787 |
|
| 700 | 1 |
_aNeligan, Peter _9185788 |
|
| 942 |
_2NLM _a15 _cLIBRO _e1 _hWO 600 _mK45l _n0 |
||
| 999 |
_c325468 _d325468 |
||